000 00645cam a2200241 a 4500
001 16142971
005 20171215092748.0
008 100318s2011 nyua 001 0 eng
010 _a 2010010420
020 _a9780073378114 (hard copy : alk. paper)
020 _a0073378119 (hard copy : alk. paper)
040 _aDLC
_cDLC
_dDLC
041 _aeng
042 _apcc
080 _a612 FOX
082 0 0 _a612 FOX
_222
100 1 _a7
101 _aANA
245 1 0 _aHuman physiology /
_cStuart Ira Fox.
906 _a7
_bcbc
_corignew
_d1
_eecip
_f20
_gy-gencatlg
942 _2ddc
_cBK
999 _c39050
_d39050